GETS Theological Seminary Library

Commentaries on Romans and 1-2 Corinthians (Record no. 53468)

MARC details
000 -LEADER
fixed length control field 00703nam a2200181Ia 4500
008 - FIXED-LENGTH DATA ELEMENTS--GENERAL INFORMATION
fixed length control field 241229s9999 xx 000 0 und d
020 ## - INTERNATIONAL STANDARD BOOK NUMBER
International Standard Book Number 9781784021894178402189X
041 ## - LANGUAGE CODE
Language code of text/sound track or separate title eng
050 ## - LIBRARY OF CONGRESS CALL NUMBER
Classification number BR65.A323
Item number .A4313 2009
100 ## - MAIN ENTRY--PERSONAL NAME
Personal name Ambrosiaster
245 #0 - TITLE STATEMENT
Title Commentaries on Romans and 1-2 Corinthians
Remainder of title /
Statement of responsibility, etc. Ambrosiaster; edited by Gerald Lewis Bray
260 ## - PUBLICATION, DISTRIBUTION, ETC.
Place of publication, distribution, etc. Credo Reference, Downers Grove, Illinois, Boston:
Name of publisher, distributor, etc. InterVarsity Press,
Date of publication, distribution, etc. 2013
300 ## - PHYSICAL DESCRIPTION
Extent 270 p.
Other physical details ;
Dimensions 26 cm.
505 ## - FORMATTED CONTENTS NOTE
Formatted contents note Commentary on Romans Commentary on 1 Corinthians Commentary on 2 Corinthians
650 ## - SUBJECT ADDED ENTRY--TOPICAL TERM
Topical term or geographic name entry element Bible. Corinthians.Bible. Corinthians Commentaries.Bible. Romans.
700 ## - ADDED ENTRY--PERSONAL NAME
Personal name Bray, Gerald Lewis
Holdings
Withdrawn status Lost status Damaged status Not for loan Home library Current library Shelving location Date acquired Total Checkouts Full call number Barcode Date last seen Price effective from Koha item type
        GETS Theological Seminary Library GETS Theological Seminary Library   12/31/2024   BR65.A323 .A4313 2009 00034294 12/31/2024 12/31/2024 English Books
OpacCredits

Contact the Librarian, GETS Library
Email: library@mygets.org









Implemented by GETS Library
(Powered by ETCA Professional Group)
GETS Theological Seminary
412 E. Rowland Street, CA 91723